Jak se bránit profesionálnímu stresu.
Určenie stresu. Dôsledky profesionálneho stresu: duševné ťažkosti, telesné ochorenia, psychosomatické obtiaže, syndrom vyhorenia, rodinné problémy. Protistresové faktory. Prevencia stresu.
Gespeichert in:
| 1. Verfasser: | |
|---|---|
| Format: | Buchkapitel |
| Sprache: | Tschechisch |
| Schlagworte: | |
| Tags: |
Keine Tags, Fügen Sie das erste Tag hinzu!
|
MARC
| LEADER | 00000naa a2200000 4500 | ||
|---|---|---|---|
| 001 | r010259 | ||
| 005 | 20220831084503.6 | ||
| 041 | 0 | |a cze | |
| 044 | |a [CS] | ||
| 245 | 1 | 0 | |a Jak se bránit profesionálnímu stresu. |c K. Nešpor |
| 520 | |a Určenie stresu. Dôsledky profesionálneho stresu: duševné ťažkosti, telesné ochorenia, psychosomatické obtiaže, syndrom vyhorenia, rodinné problémy. Protistresové faktory. Prevencia stresu. | ||
| 610 | 2 | 0 | |a stresy |
| 610 | 2 | 0 | |a prevencia |
| 610 | 2 | 0 | |a zdravie |
| 610 | 2 | 0 | |a podmienky pracovné |
| 100 | 1 | |a Nešpor, K. | |